USA a Rusko ako globálni partneri a súperi diplomová práca

Enregistré dans:
Détails bibliographiques
Auteur principal: Rišová, Lucia
Collectivité auteur: Fakulta medzinárodných vzťahov EU. Katedra medzinárodných politických vzťahov
Autres auteurs: Chuguryan, Simona, 1977-
Format: Livre
Langue:slovaque
Publié: Bratislava 2013
Tags: Ajouter un tag
Pas de tags, Soyez le premier à ajouter un tag!

MARC

LEADER 00000nbm a2200000 4500
001 0170657
005 20161109102401.5
041 0 |a slo 
044 |a SK 
245 1 0 |a USA a Rusko ako globálni partneri a súperi  |b diplomová práca  |c Lucia Rišová ; školiteľ: Simona Chuguryan 
264 1 |a Bratislava  |c 2013 
300 |a 53 s. 
100 1 |a Rišová, Lucia 
700 1 |a Chuguryan, Simona, 1977- 
710 2 |a Fakulta medzinárodných vzťahov EU. Katedra medzinárodných politických vzťahov